Sports Quiz

Random Sports or Baseball Quiz

MLB: Top 100 Hits 2016 Quiz Stats

 Plays Quiz not verified by Sporcle

Challenge
Share
Tweet
Embed
Score 0/100 Timer 10:00
0 Plays Today
Hits Player % Correct
216Jose Altuve
99%
214Mookie Betts
98.5%
188Miguel Cabrera
98.1%
175Melky Cabrera
98.1%
146Asdrubal Cabrera
98.1%
195Robinson Cano
97.6%
170Anthony Rizzo
97.1%
149Brandon Belt
97.1%
188Manny Machado
96.6%
176Kris Bryant
96.6%
193Corey Seager
95.6%
174Carlos Gonzalez
95.6%
166Kyle Seager
95.6%
162Adrian Gonzalez
95.6%
201Dustin Pedroia
95.1%
173Mike Trout
95.1%
172Paul Goldschmidt
95.1%
169David Ortiz
95.1%
181Joey Votto
94.7%
178Freddie Freeman
94.7%
173Evan Longoria
94.7%
167Matt Kemp
93.7%
183Jose Abreu
92.7%
175Adrian Beltre
92.7%
160Victor Martinez
92.7%
141J.D. Martinez
92.7%
182Nolan Arenado
92.2%
156Ryan Braun
92.2%
153Andrew McCutchen
92.2%
169Nelson Cruz
91.7%
161Eric Hosmer
91.7%
155Buster Posey
91.7%
192Xander Bogaerts
90.8%
164Josh Donaldson
90.8%
Hits Player % Correct
187Charlie Blackmon
90.3%
163Carlos Beltran
90.3%
182Francisco Lindor
89.8%
165Brian Dozier
89.8%
164Adam Jones
89.3%
159Albert Pujols
89.3%
184Daniel Murphy
88.8%
178Ian Kinsler
88.8%
158Edwin Encarnacion
88.8%
172Christian Yelich
88.3%
137Khris Davis
88.3%
176Jose Ramirez
87.4%
157Hanley Ramirez
87.4%
203Jean Segura
86.9%
149Jackie Bradley Jr.
86.9%
158Carlos Correa
86.4%
168Jason Kipnis
85.9%
164Rougned Odor
85.4%
192DJ LeMahieu
84.5%
168George Springer
84.5%
152Starling Marte
83.5%
152Brandon Crawford
83%
151Carlos Santana
81.6%
153Elvis Andrus
81.1%
143Brett Gardner
81.1%
142Ben Zobrist
80.1%
155Didi Gregorius
79.1%
153Justin Turner
79.1%
143Jonathan Lucroy
79.1%
156Starlin Castro
77.7%
164Yadier Molina
77.2%
160Brandon Phillips
77.2%
166Alcides Escobar
76.7%
157Yunel Escobar
76.7%
Hits Player % Correct
178Ian Desmond
76.2%
176Adam Eaton
76.2%
155Wil Myers
76.2%
153Anthony Rendon
76.2%
157Mark Trumbo
75.7%
167Odubel Herrera
75.2%
148Marcell Ozuna
75.2%
161Kole Calhoun
74.3%
183Martin Prado
73.8%
164Jonathan Schoop
73.3%
161Nick Markakis
73.3%
145Jacoby Ellsbury
72.8%
148Maikel Franco
70.9%
140Justin Upton
69.4%
159Stephen Piscotty
68%
159Eduardo Nunez
67%
148Wilson Ramos
66.5%
147Kendrys Morales
66%
168Jonathan Villar
65.5%
146Kevin Pillar
65%
161Cesar Hernandez
62.1%
152Ender Inciarte
59.7%
144Yasmany Tomas
59.7%
137Angel Pagan
58.7%
152Denard Span
57.8%
138Josh Harrison
56.3%
154J.T. Realmuto
50.5%
141Freddy Galvis
50%
145Adonis Garcia
48.1%
140Eugenio Suarez
45.6%
137Nomar Mazara
42.7%
138Paulo Orlando
20.4%

You're not logged in!

Compare scores with friends on all Sporcle quizzes.
OR
Log In

You Might Also Like...

Show Comments

Extras

Top Quizzes Today


Score Distribution

Your Account Isn't Verified!

In order to create a playlist on Sporcle, you need to verify the email address you used during registration. Go to your Sporcle Settings to finish the process.

Report this User

Report this user for behavior that violates our Community Guidelines.

Details: